<?xml version='1.0' encoding='UTF-8'?>
  <record xmlns="http://www.loc.gov/MARC21/slim">
    <leader>00000cam a22000007i 4500</leader>
    <controlfield tag="001">ocm65227229</controlfield>
    <controlfield tag="003">OCoLC</controlfield>
    <controlfield tag="005">20250111014358.2</controlfield>
    <controlfield tag="008">900321s1747    ne            000 0 lat d</controlfield>
    <datafield tag="040" ind1=" " ind2=" ">
      <subfield code="a">NLGGC</subfield>
      <subfield code="b">dut</subfield>
      <subfield code="e">fobidrtb</subfield>
      <subfield code="c">NLGGC</subfield>
      <subfield code="d">OCLCO</subfield>
      <subfield code="d">OCLCL</subfield>
      <subfield code="d">OCLCQ</subfield>
    </datafield>
    <datafield tag="029" ind1="0" ind2=" ">
      <subfield code="a">NLGGC</subfield>
      <subfield code="b">059790490</subfield>
    </datafield>
    <datafield tag="035" ind1=" " ind2=" ">
      <subfield code="a">(OCoLC)65227229</subfield>
    </datafield>
    <datafield tag="041" ind1="0" ind2=" ">
      <subfield code="a">lat</subfield>
      <subfield code="a">dut</subfield>
    </datafield>
    <datafield tag="100" ind1="1" ind2=" ">
      <subfield code="a">Lis, Wouter van,</subfield>
      <subfield code="d">1709-1784.</subfield>
      <subfield code="1">https://id.oclc.org/worldcat/entity/E39PCjrT9MWXHXWv4VWv67x4bd</subfield>
    </datafield>
    <datafield tag="245" ind1="1" ind2="0">
      <subfield code="a">Gualtheri van Lis Pharmacopoea galeno-chemico-medica probatissimis auctoribus, ratione et experientia fundata :</subfield>
      <subfield code="b">behelsende de voornaamste tegenwoordig in gebruik zynde genees- en heelmiddelen, vele van het overtollige besnoeit, derzelver aart, deugt en manier van bereiding: benevens een korte verhandeling hoe met weinig geneesmiddelen de grootste ziektens worden genezen: als mede verscheide meng- en scheikonstige observatien, en een verklaring van de voornaamste konstwoorden, characters etc. = Meng- schei- en geneeskonstige artsenywinkel, op de beste schryvers, de reden en de ondervinding gebout.</subfield>
    </datafield>
    <datafield tag="246" ind1="3" ind2=" ">
      <subfield code="a">Pharmacopoea galeno-chemico-medica</subfield>
    </datafield>
    <datafield tag="246" ind1="3" ind2=" ">
      <subfield code="a">Meng- schei- en geneeskonstige artsenywinkel, op de beste schryvers, de reden en de ondervinding gebout</subfield>
    </datafield>
    <datafield tag="260" ind1=" " ind2=" ">
      <subfield code="a">Rotterdam :</subfield>
      <subfield code="b">by Philippus en Jakobus Losel,</subfield>
      <subfield code="c">1747.</subfield>
    </datafield>
    <datafield tag="300" ind1=" " ind2=" ">
      <subfield code="a">[30], 341, [32] p. :</subfield>
      <subfield code="b">ill. ;</subfield>
      <subfield code="c">in-4 (27 cm.)</subfield>
    </datafield>
    <datafield tag="336" ind1=" " ind2=" ">
      <subfield code="a">tekst</subfield>
      <subfield code="b">txt</subfield>
      <subfield code="2">rdacontent/dut</subfield>
    </datafield>
    <datafield tag="337" ind1=" " ind2=" ">
      <subfield code="a">zonder medium</subfield>
      <subfield code="b">n</subfield>
      <subfield code="2">rdamedia/dut</subfield>
    </datafield>
    <datafield tag="338" ind1=" " ind2=" ">
      <subfield code="a">band</subfield>
      <subfield code="b">nc</subfield>
      <subfield code="2">rdacarrier/dut</subfield>
    </datafield>
    <datafield tag="530" ind1=" " ind2=" ">
      <subfield code="a">Titel is geselecteerd voor digitalisering voor de Universiteit van Amsterdam in het kader van het Google Books-project.</subfield>
    </datafield>
    <datafield tag="710" ind1="0" ind2=" ">
      <subfield code="a">Losel, Jakobus (Rotterdam)</subfield>
      <subfield code="4">prt</subfield>
      <subfield code="0">(NL-LeOCL)077158679</subfield>
    </datafield>
    <datafield tag="710" ind1="0" ind2=" ">
      <subfield code="a">Losel, Philippus (Rotterdam)</subfield>
      <subfield code="4">prt</subfield>
      <subfield code="0">(NL-LeOCL)077131746</subfield>
    </datafield>
    <datafield tag="758" ind1=" " ind2=" ">
      <subfield code="a">Gualtheri van Lis Pharmacopoea Galeno-chemico-medica, probatissimis Auctoribus, Ratione et Experientia fundata (Text)</subfield>
      <subfield code="1">https://id.oclc.org/worldcat/entity/E39PCFKxXjfxYXQVXgVP4t6k6q</subfield>
      <subfield code="4">https://id.oclc.org/worldcat/ontology/hasWork</subfield>
    </datafield>
    <datafield tag="776" ind1="0" ind2=" ">
      <subfield code="t">Gualtheri van Lis Pharmacopoea galeno-chemico-medica probatissimis auctoribus, ratione et experientia fundata</subfield>
      <subfield code="w">(NL-LeOCL)396700497</subfield>
    </datafield>
    <datafield tag="776" ind1="0" ind2=" ">
      <subfield code="t">Gualtheri van Lis Pharmacopoea galeno-chemico-medica probatissimis auctoribus, ratione et experientia fundata</subfield>
      <subfield code="w">(NL-LeOCL)401759180</subfield>
    </datafield>
    <datafield tag="776" ind1="0" ind2=" ">
      <subfield code="t">Gualtheri van Lis Pharmacopoea galeno-chemico-medica probatissimis auctoribus, ratione et experientia fundata</subfield>
      <subfield code="w">(NL-LeOCL)406948291</subfield>
    </datafield>
    <datafield tag="936" ind1=" " ind2=" ">
      <subfield code="a">BATCHLOAD</subfield>
    </datafield>
  </record>